000 00255nam a2200109Ia 4500
008 200302s9999 xx 000 0 und d
100 _aPhilip Jodidio
245 _aAlvaro Siza
260 _bBenedikt Taschen Verlag Gmbh
260 _c1999
300 _a175 P.,
999 _c2425
_d2425